[Anglais] Devine le temps - Statistiques

Statistiques générales
  • Ce quiz a été pris 5 fois
  • Le résultat moyen est 3 sur 20
Statistiques - réponses
Hint Réponse % Correct
He called me five minutes ago. Past Simple
100%
We were walking when it started to snow. Past Continuous
50%
While he was cooking, the phone rang. Past Continuous
50%
I am eating a sandwich right now. Present Continuous
50%
The train leaves at 8:00 AM tomorrow. Present Simple
50%
Look! It is going to rain. Future be going to
0%
We are going to buy a new car next month. Future be going to
0%
I will be working at 10 AM tomorrow. Future Continuous
0%
At midnight, I will be sleeping. Future Continuous
0%
By Friday, I will have completed the report. Future Perfect
0%
Next year, she will have been teaching for 20 years. Future Perfect Continuous
0%
I will help you with those bags. Future Simple
0%
I promise I will call you. Future Simple
0%
I had already finished when he arrived. Past Perfect
0%
They had left before I could say goodbye. Past Perfect
0%
They had been playing for an hour before the rain. Past Perfect Continuous
0%
They have lived here since 2010. Present Perfect
0%
I have just lost my wallet. Present Perfect
0%
She has been reading for three hours. Present Perfect Continuous
0%
Water boils at 100°C. Present Simple
0%
Aucun quiz correspondant
Distribution des résultats
% des personnes avec chaque résultat
Percentile par nombre de réponses
Votre historique - résultats
Vous n’avez pas pris ce quiz